Rozpoznaj autora cytatu - Statystyki

Ogólne statystyki
  • Ten quiz został rozwiązany 502 razy
  • Średni wynik to 6 z 21
Statystyki odpowiedzi
Cytat Autor % Poprawnych
" A po maturze chodziliśmy na kremówki" Jan paweł II
96%
"Alea iacta est" (Kości zostały rzucone) Gajusz Juliusz Cezar
67%
"Wiem, że nic nie wiem" Sokrates
52%
"Nazywam się Milijon, bo za miliony kocham i cierpię katusze" Adam Mickiewicz "Dziady cz. 3"
50%
Od Szczecina nad Bałtykiem do Triestu nad Adriatykiem zapadła żelazna kurtyna dzieląc nasz Kontynent. Winston Churchill
41%
"Żadne krzyki i płacze nas nie przekonają, że białe jest białe, a czarne jest czarne" Jarosław Kaczyński
40%
"My w Polsce nie znamy pojęcia pokoju za wszelką cenę. Jest jedna tylko rzecz w życiu ludzi, narodów i państw, która jest bezcenna. Tą rzeczą jest honor." Józef Beck
33%
"Nie ma czegoś takiego jak publiczne pieniądze. Jeśli rząd mówi, że komuś coś da, to znaczy, że zabierze tobie, bo rząd nie ma żadnych własnych pieniędzy" Margaret Thatcher
31%
"Venimus, vidimus, deus vicit" Jan III Sobieski
28%
"Cóż za smutna epoka, w której łatwiej jest rozbić atom niż zniszczyć przesąd" Albert Einstein
27%
"Racja jest jak dupa. Każdy ma swoją" Józef Piłsudski
21%
"Wszystko płynie" (Panta Rhei) Heraklit z Efezu
17%
"Żołnierze, czterdzieści wieków patrzy na was!" Napoleon Bonaparte
15%
"O miłości wiemy niewiele. Z miłością jest jak z gruszką. Gruszka jest słodka i ma kształt. Spróbujcie zdefiniować kształt gruszki" Andrzej Sapkowski - "Ostatnie Życzenie"
9%
"Kto będzie miał dobrą żonę, ten będzie szczęśliwy, kto będzie miał złą, zostanie filozofem" Sokrates
8%
"Historia to uzgodniony zestaw kłamstw" Napoleon Bonaparte
6%
"Politykę uważa się za drugi najstarszy zawód świata. Doszedłem do wniosku, że jest bardzo podobny do pierwszego" Ronald Reagan
6%
Ludzie budują za dużo murów, a za mało mostów. "Albert Einstein"
4%
"Mówię po hiszpańsku do Boga, po włosku do kobiet, po francusku do mężczyzn, a po niemiecku do mojego konia" Karol V Habsburg
4%
"Nie pójdziemy do Canossy" Otto von Bismarck
3%
"Dobro i zło muszą istnieć obok siebie, a człowiek musi dokonywać wyboru" Mahatma Gandhi
2%
Nie znaleziono quizów pasujących do podanych kryteriów
Rozkład punktacji
Procent ludzi z każdym wynikiem
Percentyl według liczby udzielonych odpowiedzi
Twoja historia wyników
Nie rozwiązałeś tego quizu